000 00302nam a22001217a 4500
008 170615b xxu||||| |||| 00| 0 eng d
041 _aeng
080 _a32
100 _a19
101 _aSHP
245 _aTHE POLITICS OF MARKET REFORM IN THE FRAGILE DEMOCRACIES
_cWEYLAND.K
942 _2udc
_cBK
999 _c17495
_d17495